Endoparasites of wild animals from three biomes in the State of Mato Grosso, Brazil (Registro n. 329606)
[ somente texto ]
| 000 -LÍDER | |
|---|---|
| fixed length control field | 03949nab a2200409 i 4500 |
| 003 - CÓDIGO MARC DA AGÊNCIA CATALOGADORA | |
| Campo de controle | BR-BrBNA |
| 005 - DATA E HORA DA ÚLTIMA ATUALIZAÇÃO | |
| Campo de controle | 20250117112406.0 |
| 008 - CAMPO DE TAMANHO FIXO | |
| fixed length control field | 250117b2016 bl.|r|pooa||| 00| 0 eng | |
| 040 ## - FONTE DA CATALOGAÇÃO | |
| Agência catalogadora | BR-BrBNA |
| Idioma da catalogação | eng |
| 072 ## - CATEGORIA AGRIS | |
| Código AGRIS | L72 |
| Código do objeto | 8891 |
| 100 ## - ENTRADA PRINCIPAL - NOME PESSOAL | |
| Nome pessoal | Ramos, D.G.S. |
| 100 ## - ENTRADA PRINCIPAL - NOME PESSOAL | |
| Nome pessoal | Santos, A.R.G.L.O. |
| 100 ## - ENTRADA PRINCIPAL - NOME PESSOAL | |
| Nome pessoal | Freitas, L.C. |
| 100 ## - ENTRADA PRINCIPAL - NOME PESSOAL | |
| Nome pessoal | Correa, S.H.R. |
| 100 ## - ENTRADA PRINCIPAL - NOME PESSOAL | |
| Nome pessoal | Kempe, G.V. |
| 100 ## - ENTRADA PRINCIPAL - NOME PESSOAL | |
| Nome pessoal | Morgado, T.O. |
| 100 ## - ENTRADA PRINCIPAL - NOME PESSOAL | |
| Nome pessoal | Aguiar, D.M. |
| 100 ## - ENTRADA PRINCIPAL - NOME PESSOAL | |
| Nome pessoal | Wolf, R.W. |
| 100 ## - ENTRADA PRINCIPAL - NOME PESSOAL | |
| Nome pessoal | Rossi, R.V. |
| 100 ## - ENTRADA PRINCIPAL - NOME PESSOAL | |
| Nome pessoal | Sinkoc, A.L. |
| 100 ## - ENTRADA PRINCIPAL - NOME PESSOAL | |
| Nome pessoal | Pacheco, R.C. |
| 245 ## - TÍTULO PRINCIPAL | |
| Título principal | Endoparasites of wild animals from three biomes in the State of Mato Grosso, Brazil |
| 500 ## - NOTA GERAL | |
| Nota geral | <br/>Publicação online; 30 ref.; Summaries (En, Pt) |
| 942 ## - ADDED ENTRY ELEMENTS (KOHA) | |
| Koha item type | Analítica |
| 520 ## - NOTA DE RESUMO | |
| Nota de conteúdo | <br/><br/><br/>ABSTRACT - The population of wild animals is regulated by many biotic and abiotic factors, and parasites are a biotic factor that affects the dynamic and density of host populations. From 2002 to 2014, 62 wild animals from the biomes Pantanal, Amazon, and “Cerrado” (or Savanna), which died in attendance in the veterinary hospital or have been road-killed, underwent necropsy for parasitological examination. Overall, 36 species of parasites were identified from 24 host species. Among the parasites, the most prevalent order was Oxyurida (29.1%), followed by Strongylida (20.9%), Spirurida (19.4%), Ascaridida (16.2%), Pentastomida (3.2%), Echinostomida (3.2%), Gygantorhynchia (3.2%), Rhabditida (1.6%), Plagiorchiida (1.6%), and Monilimorfida (1.6%), especially nematodes, which have more biotic potential and is more easily adapted to the environment than other classes. The occurrence of endoparasites was observed more frequently in endothermic than ectothermic animals, and herein is reported eleven new host occurrences for endoparasites in wild animals. The study has contributed to the knowledge on the biodiversity of parasites in wild animals from three biomes in central-western Brazil.<br/><br/><br/>Keywords: helminths, parasitism, Amazon, Cerrado, Pantanal |
| 520 ## - NOTA DE RESUMO | |
| Nota de conteúdo | <br/><br/><br/>RESUMO - Populações de animais selvagens são reguladas por diversos fatores bióticos e abióticos, e parasitas são um fator biótico que afetam a dinâmica e a densidade de populações. De 2002 até 2014, 62 animais silvestres provenientes dos biomas Pantanal, Amazônia e Cerrado, que vieram a óbito no atendimento do hospital veterinário ou foram encontrados atropelados em rodovias, foram submetidos à necropsia parasitológica. Ao todo 36 espécies de parasitas foram identificadas em 24 espécies de hospedeiros. Entre os parasitas, a ordem mais prevalente foi Oxyurida (29,1%), seguida por Strongylida (20,9%), Spirurida (19,4%), Ascaridida (16,2%), Pentastomida (3,2%), Echinostomida (3,2%), Gygantorhynchia (3,2%), Rhabditida (1,6%), Plagiorchiida (1,6%) e Monilimorfida (1,6%), destacando-se os nematódeos, por seu maior potencial biótico e facilidade de adaptação ao meio do que as demais classes. A maior ocorrência de endoparasitas foi observada em animais endotérmicos que ectotérmicos, e este estudo registra onze novas ocorrências de hospedeiros para endoparasitas de animais selvagens. O estudo contribui para o conhecimento da biodiversidade de parasitas em animais silvestres dos três biomas do Centro-Oeste do Brasil.<br/><br/><br/>Palavras-chave: helmintos, parasitismo, Amazônia, Cerrado, Pantanal |
| 650 ## - ASSUNTO - THESAGRO | |
| Cabeçalho tópico ou nome geográfico | ANIMAL SELVAGEM |
| 650 ## - ASSUNTO - THESAGRO | |
| Cabeçalho tópico ou nome geográfico | HELMINTO |
| 650 ## - ASSUNTO - THESAGRO | |
| Cabeçalho tópico ou nome geográfico | PARASITISMO |
| 650 ## - ASSUNTO - THESAGRO | |
| Cabeçalho tópico ou nome geográfico | VETERINÁRIA |
| 650 ## - ASSUNTO - THESAGRO | |
| Cabeçalho tópico ou nome geográfico | AMAZÔNIA |
| 650 ## - ASSUNTO - THESAGRO | |
| Cabeçalho tópico ou nome geográfico | CERRADO |
| 650 ## - ASSUNTO - THESAGRO | |
| Cabeçalho tópico ou nome geográfico | PANTANAL |
| 773 0# - ENTRADA ANALÍTICA | |
| Host Biblionumber | 1643 |
| Registro do item | 347391 |
| Imprenta | Belo Horizonte-MG Universidade Federal de Minas Gerais - Escola de Veterinaria 1983 |
| Outro identificador | 2024-8404 |
| Título | Arquivo Brasileiro de Medicina Veterinária e Zootecnia (Brazil) |
| ISSN | 0102-0935 |
| Colação | v. 68(3) p. 571-578; (2016) |
| Número de controle de registro | BR2024004451 |
| 856 ## - ACESSO E ENDEREÇO ELETRÔNICO | |
| Identificador uniforme de recurso - URI | https://www.scielo.br/j/abmvz/a/xWkCkmLyyfZPTR3ffkdgrJR/?format=pdf&lang=en |
Nenhum exemplar disponível.

BINAGRI